000 01083nmm a2200301 a 4500
001 ocm0002146818
003 TR-IsHL
005 20201028183920.0
008 190427s2014 tu tur
007 cr cn
020 _a9789944186889
035 _a2146818
_b(N$T)
050 0 4 _aHF5548.83
_b.M36319 2014
090 0 4 _aHF5548.83
_b.M36319 2014
245 1 0 _aÜstünüzü yönetmek: her gün karşılaştığınız sorunlara uzman çözümler
_h[electronic resource] /
_cHarvard Business School ; çeviren, Melis İnan ; yayına hazırlayan Cemal Engin
250 _a3. Basım
260 _aİstanbul :
_bOptimist Yayınları,
_c2014
300 _a77 p.
650 4 _aİşletme ve Yönetim
650 4 _aBusiness Management
650 0 _aYöneticileri yönetme
650 0 _aManaging your boss
650 7 _aBUSINESS & ECONOMICS / Management Science
_2bisacsh
700 1 _aHarvard Business School
700 1 _aİnan, Melis
700 1 _aErgin, Cemal
856 4 0 _uhttp://search.ebscohost.com/login.aspx?direct=true&scope=site&db=e011xww&AN=2146818
999 _c20757
_d20757